000 00652cam a22002292 4500
001 0000004846
005 20151217154350.0
008 070530s xx 000 0 eng d
020 _a052143809 :
_cKES 760
040 _aKABU
_cKABU
050 0 _aQR41.2
_b.S35 1993
100 1 _aSchlegel, Hans G.
_@0000155714
245 1 0 _aGeneral microbiology.
250 _a7th ed.
260 _a Cambridge :
_bCUP,
_c1993.
300 _axvii, 655 p.
650 0 _aMicrobiology.
_@0000155702
852 1 _9p690 KES
908 _a070530
950 _@1
999 _c10812
_d10812